| 000 | 00527nab a2200193 a 4500 | ||
|---|---|---|---|
| 005 | 20210219155846.0 | ||
| 008 | 991125s1985 mx 000 0 spa u | ||
| 035 | _aUPN01000153469 | ||
| 100 | 1 | _aCanales, Alejandro | |
| 222 | _aREENCUENTRO : | ||
| 222 | _bANALISIS DE PROBLEMAS UNIVERSITARIOS | ||
| 245 | _aEvaluación educativa : la oportunidad y el desafío | ||
| 260 | _aMéxico | ||
| 300 | _a40-46 | ||
| 362 | 0 | _a2007 No. 48, abr. | |
| 653 | 0 | _aEVALUACION EDUCATIVA | |
| 653 | 0 | _aAPRENDIZAJE | |
| 905 | _aArticulo | ||
| 999 |
_c125590 _d125590 |
||